Geography Quiz

Random Geography or Flags Quiz

Wrong Color Flags Quiz Stats

 Plays Quiz Updated Apr 17, 2016

Challenge
Share
Tweet
Score 0/36 Timer 07:00
0 Plays Today
Country % Correct
Canada
99.5%
United States
87.6%
Australia
81.8%
Mexico
77.5%
Israel
74%
South Africa
74%
India
71.1%
Cyprus
70.9%
Croatia
57.9%
Pakistan
55.2%
North Korea
54.9%
Macedonia
54.7%
Slovakia
54.4%
Georgia
51.7%
Chile
51.4%
Sri Lanka
51.4%
Barbados
51%
Algeria
49%
Country % Correct
Uganda
48.8%
Bahrain
44.7%
Kazakhstan
44.4%
Bosnia & Herzegovina
43.9%
Venezuela
41.9%
Kyrgyzstan
40.6%
Dominican Republic
38.9%
Mozambique
37.2%
Zambia
36.5%
Haiti
35.9%
Philippines
35.6%
Antigua & Barbuda
35.2%
Brunei
33.3%
Burundi
32.7%
Grenada
31.4%
Eritrea
28.9%
Timor Leste
26.9%
Vanuatu
26%

You're not logged in!

Compare scores with friends on all Sporcle quizzes.
Join for Free
OR
Log In

You Might Also Like...

Show Comments

Extras

Top Quizzes Today


Score Distribution

Your Account Isn't Verified!

In order to create a playlist on Sporcle, you need to verify the email address you used during registration. Go to your Sporcle Settings to finish the process.

Report this User

Report this user for behavior that violates our Community Guidelines.

Details: